ALL Rihanna Songs - Statistics

General Stats
  • This quiz has been taken 52 times
  • The average score is 87 of 221
Answer Stats
Track # Music Of The Sun % Correct
2 Diamonds
84%
16 Diamonds - Dave Aude 100 Extended
84%
17 Diamonds - Gregor Salto Downtempo Remix
84%
1 Umbrella
81%
13 Only Girl (In The World) - CCW Radio Mix
78%
12 Only Girl (In The World) - The Bimbo Jones Club
78%
12 Only Girl (In The World) - The Bimbo Jones Radio
78%
12 Umbrella - Lindbergh Place
78%
1 Umbrella - Seamus Haji & Paul Emanuel
78%
17 Umbrella - Seamus Haji & Paul Emanuel Club Remix
78%
5 Only Girl (In The World)
76%
1 S&M
76%
4 Work
73%
11 Love On The Brain
68%
3 We Found Love
65%
14 Disturbia
62%
2 Disturbia - Jody den Broeder
62%
3 Don't Stop The Music
62%
4 Don't Stop The Music - The Wideboys
62%
20 Don't Stop The Music - The Wideboys Club Mix
62%
7 Needed Me
62%
1 Pon de Replay
62%
14 Pon de Replay - Full Phatt Remix
62%
8 Rude Boy
62%
6 Rude Boy - Chew Fu Vitamin S Fix
62%
9 Stay
62%
1 SOS
59%
28 SOS - Digital Dog Remix
59%
2 What's My Name?
59%
4 Breakin' Dishes
57%
6 Breakin' Dishes - Soul Seekerz
57%
19 Breakin' Dishes - Soul Seekerz Remix
57%
3 Kiss It Better
57%
11 Love The Way You Lie (Part II) - Pt. 2
57%
16 Sex With Me
57%
4 Talk That Talk
57%
1 Bitch Better Have My Money
54%
5 Shut Up And Drive
54%
3 Shut Up And Drive - The Wideboys
54%
18 Shut Up And Drive - The Wideboys Club Mix
54%
15 Take A Bow
54%
5 Take A Bow - Tony Moran & Warren Riggs
54%
6 California King Bed
51%
12 Good Girl Gone Bad
51%
10 Good Girl Gone Bad - Soul Seekerz
51%
24 Good Girl Gone Bad - Soul Seekerz Remix
51%
7 Man Down
51%
4 Pour It Up
51%
2 Where Have You Been
51%
3 Hard
46%
7 Hard - Chew Fu Granite Fix
46%
6 Russian Roulette
46%
1 You Da One
46%
11 A Girl Like Me
43%
6 Birthday Cake
43%
3 Cheers (Drink To That)
43%
5 Desperado
43%
5 Loveeeeeee Song
43%
2 Russian Roulette - Chew Fu Black Russian Fix
43%
6 Woo
43%
5 Cockiness (Love It)
41%
1 Consideration
41%
2 James Joint
41%
1 Lift Me up - From Black Panther: Wakanda Forever
41%
10 Nobody's Business
41%
10 Rehab
41%
5 ROCKSTAR 101
41%
3 ROCKSTAR 101 - Chew Fu Teachers Pet Fix
41%
11 Te Amo
41%
3 Unfaithful
41%
8 Drunk On Love
38%
1 FourFiveSeconds
38%
8 Music Of The Sun
38%
9 Same Ol' Mistakes
38%
7 Hate That I Love You - K-Klassic
35%
22 Hate That I Love You - K-Klassic Remix
35%
10 Skin
35%
2 Wait Your Turn
35%
4 Wait Your Turn - Chew Fu Can't Wait No More Fix
35%
11 Farewell
32%
7 Fire Bomb
32%
9 Fire Bomb - Chew Fu Molotov Fix
32%
6 Hate That I Love You
32%
1 Mad House
32%
1 Mad House - Chew Fu Straight Jacket Fix
32%
3 Numb
32%
12 Red Lipstick
32%
7 Right Now
32%
13 Close To You
30%
9 Complicated
30%
15 Pose
30%
10 Watch n' Learn
30%
8 What Now
30%
7 Break It Off
27%
12 Cold Case Love
27%
4 Fading
27%
10 G4L
27%
8 G4L - Chew Fu Guns In The Air Fix
27%
14 Goodnight Gotham
27%
12 Higher
27%
3 If It's Lovin' That You Want
27%
13 If It's Lovin' That You Want - Pt. 2
27%
11 Love Without Tragedy / Mother Mary
27%
13 No Love Allowed
27%
9 Photographs
27%
5 Photographs - Chew Fu 35mm Fix
27%
1 Phresh Out The Runway
27%
7 We All Want Love
27%
8 Yeah, I Said It
27%
1 American Oxygen
24%
14 Fool In Love
24%
6 Jump
24%
9 Lemme Get That
24%
10 Never Ending
24%
8 Raining Men
24%
9 Roc Me Out
24%
8 Sell Me Candy
24%
4 Stupid In Love
24%
10 Stupid In Love - Chew Fu Small Room Fix
24%
11 Question Existing
22%
8 Question Existing - The Wideboys
22%
21 Question Existing - The Wideboys Club Mix
22%
7 Say It
22%
11 Say It - Soul Seekerz
22%
26 Say It - Soul Seekerz Remix
22%
13 The Last Song
22%
4 We Ride
22%
12 A Million Miles Away
19%
5 Dem Haters - Album Version 2
19%
12 Get It Over With
19%
2 Kisses Don't Lie
19%
14 Lost In Paradise
19%
13 Cry
16%
27 Cry - Steve Mac Classic Mix
16%
13 Do Ya Thing
16%
6 Final Goodbye
16%
15 Half Of Me
16%
16 If I Never See Your Face Again
16%
9 Let Me
16%
2 Push Up On Me
16%
9 Push Up On Me - Moto Blanco
16%
23 Push Up On Me - Moto Blanco Club Mix
16%
25 Haunted - Steve Mac Classic Mix
14%
10 P.S. (I'm Still Not Over You)
14%
10 Rush
14%
1 Sledgehammer
14%
5 That La, La, La
14%
4 You Don't Love Me (No, No, No)
14%
2 Here I Go Again
11%
12 Now I Know
11%
9 Selfish Girl
11%
6 The Last Time
11%
7 Willing To Wait
11%
8 Crazy Little Thing Called Love
8%
13 Pon De Replay - Remix
8%
11 There's A Thug In My Life
8%
No matching quizzes found
Score Distribution
Percent of People with Each Score
Percentile by Number Answered
Your Score History
You have not taken this quiz